000 00776nam a2200217Ia 4500
999 _c36754
_d36754
001 2692
003 GE_BSU
005 20221228145203.0
008 181216s2006||||ge |||||||||||||| ||geo||
020 _a9771691142
040 _cGE_BSU
041 _ageo
080 _a34:1 ფ–97
100 _aფუტკარაია, ჯამბულ
_916611
245 _aსამართლის ფილოსოფია ;
_bშესავალი ნაწილი(ძველი სამყარო) /
_cჯამბულ ფუტკარაია.
264 _aთბილისი,
_c2006.
300 _a88 გვ.
653 _aსამართლის ფილოსოფია
653 _aძველი სამყარო
942 _cBK
_2udc